000 01123nam a2200301 a 4500
999 _c4379
_d4379
005 20180212150220.0
008 140314s2004 ck abd gr|||| 000 0 spa d
020 _a9587014251
040 _aCO-BoIAVH
_cCO-BoIAVH
041 0 _aspa
044 _ack
082 0 4 _a577.7
_bC19c
100 1 _aCampos C., Néstor Hernando
245 1 0 _aContribuciones en ciencia del mar en Colombia :
_binvestigación y desarrollo de territorios promisorios
250 _aPrimera edición
260 _aBogotá:
_bRed de Estudios del Mundo Marino;
_bUniversidad Nacional de Colombia,
_c2004.
300 _a260 páginas :
_bIlustraciones, mapas, gráficos ;
_c24 x 17 cm.
650 4 _aEcología Marina
_zColombia
650 4 _aEcología de islas
_zColombia
650 4 _aBiología marina
_zColombia
650 4 _aOceanografía
_zMar Caribe
650 4 _aEcología de estuarios
650 4 _aEcología costera
650 4 _aConservación de los recursos marinos
_zColombia
650 4 _aContaminación marina
700 1 _aAcero P., Arturo
942 _cLIBRO
_2ddc